Kritika behaviorálnych intervencií a postrčení

Guardado en:
Detalles Bibliográficos
Autor principal: Sirakovová, Eva, 1994-
Otros Autores: Čaplánová, Anetta, 1967-
Formato: Capítulo de libro
Lenguaje:eslovaco
Materias:
Etiquetas: Agregar Etiqueta
Sin Etiquetas, Sea el primero en etiquetar este registro!

MARC

LEADER 00000naa$a2200000$$$4500
001 0290481
005 20240717105443.6
041 0 |a slo 
044 |a SK 
245 1 0 |a Kritika behaviorálnych intervencií a postrčení  |c Eva Sirakovová, Anetta Čaplánová 
610 2 0 |a behaviorizmus 
610 2 0 |a ekonómia behaviorálna 
610 2 0 |a intervencie 
610 2 0 |a intervencie behaviorálne 
610 2 0 |a správa verejná 
610 2 0 |a politika verejná 
610 2 0 |a správanie 
610 2 0 |a psychológia 
610 2 0 |a etika 
610 2 0 |a transparentnosť 
100 1 |a Sirakovová, Eva, 1994- 
700 1 |a Čaplánová, Anetta, 1967-